000 00629nam a22002172 4500
001 0000003008
005 20151217151911.0
008 070425s xx 000 0 eng d
020 _a1878975536 :
040 _aKABU
_cKABU
050 0 _aHG4026
_b.C67
245 1 4 _aThe Corporate finance reader /
_cedited by Robert W. Kolb.
250 _a2nd ed.
260 _aCambridge, Mass :
_bBlackwell Publishers,
_c1995.
300 _aviii, 446 p.
650 0 _aCorporations
_xFinance.
_@0000007704
700 1 _aKolb, Robert W.
_@0000152572
908 _a070425
950 _@1
999 _c6168
_d6168